000
00293nam a22001337a 4500
008
170418b xxu||||| |||| 00| 0 eng d
020
_a
9780815190356
041
_a
eng
080
_a
579
100
_a
11
101
_a
SHM
245
_a
MEDICAL MICROBIOLOGY
_c
MURRAY.P.R
942
_2
udc
_c
BK
999
_c
10976
_d
10976